000
00421nam a22001097a 4500
082
_a
340
100
_a
त्रिपाठी ,डॉ सुरेश मणि
_9
83378
245
_a
भारतीय साक्ष्य अधिनियम .2023 (क्र 47 स्ं 2023
260
_a
रायपुर
_b
राज लॉ पब्लिकेशन
_c
2025
650
_a
कानून
942
_c
C. BOOKS
999
_c
68262
_d
68262